Fala bicho (Registo nº 4714)
[ vista simples ]
| 000 -Etiqueta do registo | |
|---|---|
| Cabeçalho | 01523nam 2200301 4500 |
| 010 ## - Número internacional normalizado dos livros (ISBN) | |
| Número (ISBN) | 9789720726933 |
| 100 ## - Dados gerais de processamento | |
| Dados gerais de processamento | 20260313d2014 d||y0frey50 ba |
| 101 0# - Língua de publicação | |
| Língua do texto, banda sonora, etc. | Português |
| 102 ## - Pais de publicação ou produção | |
| País de publicação | Portugal |
| 200 1# - Titulo e menção de responsabilidade | |
| Título próprio | Fala bicho |
| Primeira menção de responsabilidade | Violeta Figueiredo |
| Outras menções de responsabilidade | il. Pedro Serapicos |
| 210 ## - Publicação, Distribuição, etc. | |
| Lugar da edição, distribuição, etc. | Porto |
| Nome do editor, distribuidor, etc. | Porto Editora |
| Data da publicação, distribuição, etc. | 2014 |
| 215 ## - Descrição física | |
| Indicação específica da natureza do documento e extensão da espécie | 39 p. |
| Outras indicações físicas | il. |
| 225 1# - Colecção | |
| Título próprio da colecção | Educação Literária |
| 300 ## - Notas gerais | |
| Texto da nota | Livro infantil recomendado pelo Plano Nacional de Leitura, composto por 20 histórias rimadas e divertidas sobre animais que falam e brincam. Com uma linguagem lúdica que explora sons e imaginação, é ideal para o 1º e 2.º ano de escolaridade. <br/>Contém Guião de Exploração e Fichas de Leitura.<br/> |
| 330 ## - Sumário ou Resumo | |
| Texto da nota | Esta coleção concretiza um dos principais objetivos das Metas Curriculares de Português do 1.º Ciclo que reside no acesso de todos os alunos que frequentam o Ensino Básico a obras literárias de referência, fomentando, assim, o domínio da Educação Literária.<br/>Obra de iniciação à poesia com a compilação de uma diversidade de poemas com a mais valia de sugestão de atividades para explorar. |
| 510 1# - Título paralelo | |
| Título paralelo | Fala Bicho |
| 606 ## - Nome comum usado como assunto | |
| Palavra de ordem | Literatura infantil |
| Código do sistema | CA |
| 610 0# - Termos de indexação não controlados | |
| Subject Term | Metas Curriculares - 2º ano |
| 675 ## - Classificação Decimal Universal (CDU) | |
| Notação | 821.134.3 |
| Edição | 3ª ed. |
| Língua da edição | por |
| 700 #1 - Nome de autor-pessoa física (responsabilidade principal) | |
| Palavra de ordem | Figueiredo |
| Outra parte do nome não tomada para palavra de ordem | Violeta |
| 702 #1 - Nome de autor-pessoa física (responsabilidade secundária) | |
| Palavra de ordem | Serapicos |
| Outra parte do nome não tomada para palavra de ordem | Pedro |
| 856 4# - Localização e acesso electrónico | |
| URL | https://www.pnl2027.gov.pt/np4/livrospnl?cat_livrospnl=catalogo_blx |
| Nota para informação ao público | Plano Nacional de Leitura |
| 942 ## - Elementos de entrada adicionados (Koha) | |
| Tipo de item no Koha | Livro |
| 990 ## - Elementos KOHA | |
| Koha item type | Livro |
| Suppress in OPAC | Escondido |
| 994 ## - Estado da catalogação | |
| Situação | NOVO |
| Situação do levantamento | Nº de registo manual | Origin of item (home branch) (coded) | Biblioteca de empréstimo | Lending or holding organisation (holding branch) code | Código de barras | Cota | Circulation type (not for loan) | Tipo de documento | Damaged status |
|---|---|---|---|---|---|---|---|---|---|
| 20217 | Biblioteca Escolar da Coca Maravilhas | Biblioteca Escolar da Coca Maravilhas | Biblioteca Escolar da Coca Maravilhas | BECM20217 | 8P FIG | Livro |
